000 00702nam a22002537a 4500
003 UA-OsUOA
001 97076
007 ta
008 20130326b un ||||| |||| 00| 0 ukr d
100 _aАнтонюк Д.
090 _a728.81/82(477)(036)
_bА72
942 _cBK
040 _aUA-OsUOA
_bukr
_cUA-OsUOA
_dUA-OsUOA
245 _aТриста п'ятнадцять польських замків і резиденцій в Україні
300 _a260 с.
955 _a4
041 _aukr
080 _a728.81/82(477)(036)
020 _a978-966-465-305-0
260 _aК.
_bГрані-Т
_c2012
246 3 1 _a2
_n
650 7 _a72 Архітектура
_2UDC
999 _c383323
_d383323